[Event "FRA-chT "]
[Site "FRA"]
[Date "1994.??.??"]
[Round "?"]
[White "Legky, Nikolay A"]
[Black "Dorfman, Josif D"]
[Result "1/2-1/2"]
[WhiteElo "2525"]
[BlackElo "2570"]

1.d4 Nf6 2.c4 e6 3.Nf3 d5 4.Nc3 c6 5.e3 Nbd7 6.Qc2 Bd6 7.Be2 O-O 8.O-O Re8
9.Rd1 Qe7 10.e4 Nxe4 11.Nxe4 dxe4 12.Qxe4 e5 13.dxe5 Nxe5 14.Nxe5 Qxe5 15.Qxe5 Bxe5
16.h3 Be6  1/2-1/2

[Event "FRA-chT "]
[Site "FRA"]
[Date "1994.??.??"]
[Round "7"]
[White "Zawadski, Stephane"]
[Black "Collas, Didier"]
[Result "0-1"]
[WhiteElo "2230"]
[BlackElo "2330"]

1.d4 d5 2.c4 e6 3.Nc3 c6 4.e3 Nf6 5.Nf3 Nbd7 6.Qc2 Bd6 7.Be2 O-O 8.O-O dxc4
9.Bxc4 e5 10.h3 h6 11.Bb3 Qc7 12.e4 exd4 13.Nxd4 Nc5 14.Be3 Nxb3 15.Nxb3 Re8
16.Rfe1 Be5 17.Bd4 Be6 18.Bxe5 Qxe5 19.Qd2 Nh5 20.Qe3 Nf4 21.Qc5 Qf6 22.Re3 Bxb3
23.axb3 Re5 24.Qc4 Rg5 25.Rg3 Rxg3 26.fxg3 Ne6 27.b4 Rd8 28.Rf1 Qe5 29.Kh2 Rd4
30.Qb3 a6 31.Rd1 Ng5 32.Rxd4 Qxd4 33.Qd1 Qxd1 34.Nxd1 Nxe4 35.Ne3 Nd6 36.g4 f6
37.Kg3 Kf7 38.Kf4 Ke6 39.b3 g5+ 40.Kf3 f5 41.g3 Ke5 42.gxf5 Nxf5 43.Nc4+ Kd5
44.Kg4 Ng7 45.Na5 b6 46.Nc4 b5  0-1

[Event "Frydek-Mistek op"]
[Site "Frydek-Mistek"]
[Date "1994.??.??"]
[Round "?"]
[White "Dydyshko, Viacheslav"]
[Black "Koutsin, Sergey"]
[Result "1-0"]
[WhiteElo "2510"]
[BlackElo "2445"]

1.d4 d5 2.c4 c6 3.Nf3 e6 4.e3 Nf6 5.Nc3 Nbd7 6.Qc2 Bd6 7.Be2 O-O 8.O-O e5
9.cxd5 cxd5 10.dxe5 Nxe5 11.Rd1 Nxf3+ 12.Bxf3 Qc7 13.g3 Be5 14.Bd2 Be6 15.Rac1 Rac8
16.Qd3 Qd7 17.b3 Rfd8 18.Qe2 Qe7 19.Nb5 Ne4 20.Ba5 b6 21.Be1 h6 22.Bg2 Rxc1
23.Rxc1 a6 24.Nd4 Bxd4 25.exd4 Qa3 26.Rc6 b5 27.Qc2 Bf5 28.g4 Bd7 29.Rc7 Nf6
30.f3 Qe7 31.Bf2 Qa3 32.Be1 Ne8 33.Rc5 Be6 34.Bf1 Nd6 35.h3 Nb7 36.Rc7 Nd6
37.Bd3 Ne8 38.Rc6 Bd7 39.Rc5 Be6 40.Bc3 Nd6 41.Qd2 a5 42.Bb1 Ra8 43.Kf1 Kf8
44.Bb2 Qb4 45.Qc1  1-0

[Event "Arnold Cup"]
[Site "Gausdal"]
[Date "1994.??.??"]
[Round "1"]
[White "Giddins, Stephen"]
[Black "Gausel, Einar"]
[Result "0-1"]
[WhiteElo "2290"]
[BlackElo "2485"]

1.d4 d5 2.c4 e6 3.Nc3 c6 4.e3 Nf6 5.Nf3 Nbd7 6.Bd3 dxc4 7.Bxc4 b5 8.Be2 a6
9.e4 b4 10.e5 bxc3 11.exf6 Nxf6 12.bxc3 Bd6 13.O-O O-O 14.Bg5 Qc7 15.Bd3 c5
16.Re1 Nd5 17.Rc1 Bb7 18.dxc5 Bxc5 19.c4 Nf4 20.Be4 Bxe4 21.Rxe4 Ng6 22.Qe2 Rab8
23.h4 Ba3 24.Rd1 Rb2 25.Qd3 Bc5 26.Re2 Rxe2 27.Qxe2 h6 28.Bc1 Rc8 29.Bb2 Qg3
30.Kf1 Qg4 31.Rd7 Nf4  0-1

[Event "Peer Gynt"]
[Site "Gausdal"]
[Date "1994.??.??"]
[Round "2"]
[White "Hoi, Carsten"]
[Black "Gausel, Einar"]
[Result "1/2-1/2"]
[WhiteElo "2430"]
[BlackElo "2505"]

1.d4 d5 2.Nf3 c6 3.c4 e6 4.e3 Nf6 5.Nc3 Nbd7 6.Bd3 dxc4 7.Bxc4 b5 8.Bd3 a6
9.e4 c5 10.d5 c4 11.Bc2 Qc7 12.O-O e5 13.Qe2 Bc5 14.Bg5 h6 15.Bd2 O-O 16.Nh4 Bd4
17.Rac1 Nc5 18.Kh1 Re8 19.a3 Qd8 20.g3 Bh3 21.Ng2 Qd7 22.f3 Rac8 23.Rfe1 Nh7
24.Ne3 Ng5 25.Ned1 Nxf3  1/2-1/2

[Event "Gausdal Int"]
[Site "Gausdal"]
[Date "1994.??.??"]
[Round "3"]
[White "Barkhagen, Jonas"]
[Black "Thorhallsson, Throstur"]
[Result "0-1"]
[WhiteElo "2400"]
[BlackElo "2460"]

1.d4 d5 2.c4 e6 3.Nc3 c6 4.e3 Nf6 5.Nf3 Nbd7 6.Qc2 Bd6 7.b3 O-O 8.Be2 Re8
9.O-O dxc4 10.Bxc4 b5 11.Be2 Bb7 12.Bb2 e5 13.dxe5 Nxe5 14.Nxe5 Bxe5 15.Bf3 Qb8
16.h3 c5 17.Bxb7 Qxb7 18.Rfd1 Rac8 19.a4 b4 20.Nb5 Ne4 21.Bxe5 Rxe5 22.Nd6 Nxd6
23.Rxd6 Rg5 24.e4 Re5 25.f3 h6 26.Qc4 Qe7 27.Rad1 Rc7 28.R6d5 Kh7 29.Rxe5 Qxe5
30.Rd5 Qe6 31.e5 g6 32.Kf2 h5 33.g4 hxg4 34.hxg4 Kg7 35.Kg3 Rc8 36.f4 Rc7
37.Qd3 c4 38.bxc4 Qc6 39.Rb5 Rd7 40.Rd5 Rxd5  0-1

[Event "Gausdal Int"]
[Site "Gausdal"]
[Date "1994.??.??"]
[Round "6"]
[White "Psakhis, Lev"]
[Black "Sadler, Matthew"]
[Result "1/2-1/2"]
[WhiteElo "2605"]
[BlackElo "2560"]

1.c4 c6 2.d4 d5 3.e3 Nf6 4.Nc3 e6 5.Nf3 Nbd7 6.Bd3 dxc4 7.Bxc4 b5 8.Bd3 a6
9.e4 c5 10.d5 c4 11.dxe6 cxd3 12.exd7+ Qxd7 13.O-O Bb7 14.Re1 Be7 15.Bg5 Rd8
16.e5 Ng4 17.Ne4 O-O 18.Qd2  1/2-1/2

[Event "Peer Gynt"]
[Site "Gausdal"]
[Date "1994.??.??"]
[Round "7"]
[White "Sadler, Matthew"]
[Black "Horvath, Csaba"]
[Result "1/2-1/2"]
[WhiteElo "2560"]
[BlackElo "2540"]

1.d4 d5 2.c4 c6 3.Nc3 Nf6 4.e3 e6 5.Nf3 Nbd7 6.Qc2 Bd6 7.Be2 O-O 8.O-O dxc4
9.Bxc4 b5 10.Be2 Bb7 11.Rd1 Qc7 12.e4 e5 13.g3 Rad8 14.dxe5 Nxe5 15.Bg5 Nxf3+
16.Bxf3 Qe7 17.Rd2 Bc7 18.Rad1 Rxd2 19.Rxd2 Rd8 20.Rxd8+  1/2-1/2

[Event "Geneve op"]
[Site "Geneve"]
[Date "1994.??.??"]
[Round "4"]
[White "Gerber, Richard"]
[Black "Donrault, Patrick"]
[Result "1/2-1/2"]
[WhiteElo "2355"]
[BlackElo "2050"]

1.d4 d5 2.c4 c6 3.Nc3 Nf6 4.e3 e6 5.Nf3 Nbd7 6.Qc2 Bd6 7.b3 O-O 8.Be2 Qe7
9.O-O Re8 10.Rd1 dxc4 11.bxc4 e5 12.Rb1 e4 13.Nd2 Nf8 14.c5 Bb8 15.Nc4 Nd5
16.Ba3 Nxc3 17.Qxc3 Qg5 18.Nd6 Bxd6 19.cxd6 Nd7 20.d5 cxd5 21.Qa5 Nf6 22.Bb2 Bd7
23.Bxf6 Qxf6 24.Rxb7 Bc6 25.Rxa7 Qxd6 26.Rc1 Rxa7 27.Qxa7 Qd7 28.Qc5 Ba4
29.h3 h6 30.Qd4 Bb5 31.Bg4 Qb7 32.Qb4 Qa6 33.Rc5 Bc4 34.a4 Ra8 35.a5 Qa7
36.Bf5 g6 37.Bg4 Kh7 38.Rc8 Qxa5 39.Qf8 Qa1+ 40.Kh2 Rxc8 41.Qxf7+ Qg7 42.Qxg7+ Kxg7
43.Bxc8 Kf6 44.Kg3 g5 45.h4 Bf1 46.Bh3 Be2 47.f4 exf3  1/2-1/2

[Event "Geneve op"]
[Site "Geneve"]
[Date "1994.??.??"]
[Round "7"]
[White "Zueger, Beat"]
[Black "Donrault, Patrick"]
[Result "1-0"]
[WhiteElo "2425"]
[BlackElo "2050"]

1.d4 d5 2.c4 c6 3.Nf3 Nf6 4.Nc3 e6 5.e3 Nbd7 6.Qc2 Bd6 7.Be2 O-O 8.O-O Qe7
9.Rd1 h6 10.h3 b6 11.e4 dxe4 12.Nxe4 Nxe4 13.Qxe4 Bb7 14.Bf4 Nf6 15.Bxd6 Qxd6
16.Qe3 c5 17.dxc5 Qxc5 18.Qxc5 bxc5 19.Rd6 Rfd8 20.Rad1 Rxd6 21.Rxd6 Kf8
22.Ne5 Ke7 23.Rd3 Be4 24.Rd2 Rc8 25.Bd1 Rc7 26.Ba4 Ba8 27.f3 Nh7 28.Kf2 Nf8
29.f4 f6 30.Nd3 Nd7 31.Bxd7 Rxd7 32.Ke3 Rc7 33.g4 g5 34.fxg5 hxg5 35.h4 gxh4
36.Rh2 Kd6 37.Rxh4 Rg7 38.Rh8 Bc6 39.Rd8+ Bd7 40.Nf2 f5 41.gxf5 exf5 42.Nd3 Kc7
43.Rf8 Re7+ 44.Kd2 Re4 45.Rf7 Rd4 46.Kc3 Kd6 47.Rxd7+  1-0

[Event "Geneve op"]
[Site "Geneve"]
[Date "1994.??.??"]
[Round "9"]
[White "Zueger, Beat"]
[Black "Domont, Alexandre"]
[Result "1-0"]
[WhiteElo "2425"]
[BlackElo "2350"]

1.c4 c6 2.d4 d5 3.Nf3 e6 4.e3 Nf6 5.Nc3 Nbd7 6.Qc2 Bd6 7.Be2 O-O 8.O-O Qe7
9.Rd1 dxc4 10.Bxc4 e5 11.h3 e4 12.Ng5 Nb6 13.Bb3 Bf5 14.f3 Nbd5 15.Ngxe4 Kh8
16.Qf2 Nxe4 17.Nxe4 Bxe4 18.fxe4 Qxe4 19.Bc2 Qe7 20.Bd2 Nf6 21.e4 Nxe4 22.Qf5 Rae8
23.Re1 Qf6 24.Bxe4 Qxd4+ 25.Kh1 Rxe4 26.Qxe4 Qxd2 27.Rad1 Qh6 28.Qd4 Bc7
29.Re7 Bb6 30.Rxf7 Rg8 31.Qe4 Qh5 32.Rdf1 h6 33.Rxb7 Qb5 34.Rb1 Qa6 35.Qxc6 Qxa2
36.Qe4 Rf8 37.b4 Qf2 38.Re7 Qg3 39.Re8 Rxe8 40.Qxe8+ Kh7 41.Qe4+ Kh8 42.Rf1 Qd6
43.Qe8+ Kh7 44.Qe4+ Kh8 45.Qf4 Qc6 46.Qe5 Kh7 47.Re1  1-0

[Event "Bundesliga 9394"]
[Site "Germany"]
[Date "1994.??.??"]
[Round "?"]
[White "Dinstuhl, Volkmar"]
[Black "Mueller, Karsten"]
[Result "1/2-1/2"]
[WhiteElo "2365"]
[BlackElo "2480"]

1.d4 d5 2.c4 e6 3.Nc3 c6 4.Nf3 Nf6 5.e3 Nbd7 6.Bd3 dxc4 7.Bxc4 b5 8.Be2 Be7
9.O-O O-O 10.a3 b4 11.axb4 Bxb4 12.Qa4 Qb6 13.Nd2 a5 14.Nc4 Qc7 15.Qc2 c5
16.Na2 Bb7 17.Nxb4 axb4 18.Bd2 cxd4 19.Bxb4 Rfc8 20.Qd2 dxe3 21.Nxe3 Ne4
22.Qd4 e5 23.Qc4 Qb8 24.Qb5 Ndc5 25.Nf5 Ba6 26.Ne7+ Kh8 27.Qxb8 Rcxb8 28.Nc6 Bxe2
29.Nxb8 Rxb8 30.Rfe1 Bd3 31.Ra5 Nb3 32.Rxe5 Nf6 33.Bd6 Rc8 34.R5e3 Bc4 35.Be5 Be6
36.Rf3 Nd7 37.Bc3 h6 38.Rg3 Nf6 39.h3 Rb8 40.Be5 Rb5 41.Bc3 Rb7 42.Re5 Nd5
43.Rxd5  1/2-1/2

[Event "Bundesliga 9394"]
[Site "Germany"]
[Date "1994.??.??"]
[Round "?"]
[White "Doering, Thomas"]
[Black "Brunner, Lucas"]
[Result "1-0"]
[WhiteElo "2215"]
[BlackElo "2480"]

1.d4 d5 2.c4 c6 3.Nc3 Nf6 4.e3 e6 5.Nf3 Nbd7 6.Bd3 dxc4 7.Bxc4 b5 8.Bd3 a6
9.e4 c5 10.e5 cxd4 11.Nxb5 axb5 12.exf6 gxf6 13.Qe2 Bb4+ 14.Kf1 Qb6 15.Bf4 Bb7
16.h4 Rg8 17.Bg3 Nc5 18.Bxh7 Bd5 19.Kg1 Bc4 20.Qd1 Rg7 21.a3 Nb3 22.Be4 Ra7
23.Rb1 Bc5 24.Bd3 e5 25.h5 Qe6 26.h6 Rg8 27.h7 Rh8 28.Qc2 Re7 29.Re1 Qd5
30.Rh5 Bd6 31.Bh4 Re6 32.Bxc4 bxc4 33.Qf5 Be7 34.Qg4 Qa8 35.Qg8+ Kd7 36.Qxa8 Rxa8
37.h8=Q Rxh8 38.Rxh8 Rb6 39.Rd1 Ke6 40.Rc8 Kd5 41.Rc7 Bd8 42.Rd7+ Rd6 43.Rxd6+ Kxd6
44.Nd2 Nxd2 45.Rxd2 Kd5 46.f3 Ba5 47.Rd1 f5 48.Bf2 f4 49.g3 fxg3 50.Bxg3 f5
51.Kg2 e4 52.fxe4+ fxe4 53.Rh1 c3 54.bxc3 Bxc3 55.Be1 Bb2 56.a4 d3 57.Bd2 Kd4
58.Rh4 Ba3 59.Kf2 Kd5 60.Rh5+  1-0

[Event "Bundesliga 9394"]
[Site "Germany"]
[Date "1994.??.??"]
[Round "?"]
[White "Dokhoian, Yury"]
[Black "Pfleger, Helmut"]
[Result "1/2-1/2"]
[WhiteElo "2550"]
[BlackElo "2485"]

1.d4 d5 2.c4 c6 3.Nc3 Nf6 4.e3 e6 5.Nf3 Bd6 6.Bd3 Nbd7 7.O-O O-O 8.e4 dxe4
9.Nxe4 Nxe4 10.Bxe4 Nf6 11.Bc2 b6 12.Qd3 Bb7 13.Bg5 g6 14.Rad1 Be7 15.Rfe1 Qc7
16.Ne5 Rad8 17.Bh6 Rfe8 18.Qh3 Qc8 19.Re3 c5 20.Rg3 Be4 21.Bxe4 Nxe4 22.Rg4  1/2-1/2

[Event "Hessenliga"]
[Site "Germany"]
[Date "1994.??.??"]
[Round "?"]
[White "Meiser, Markus"]
[Black "Karabalis, Harilos"]
[Result "1/2-1/2"]
[WhiteElo "2260"]
[BlackElo "2225"]

1.d4 Nf6 2.c4 e6 3.Nf3 d5 4.Nc3 c6 5.e3 Nbd7 6.Qc2 Bd6 7.Be2 O-O 8.O-O Re8
9.Rd1 Qe7 10.e4 dxe4 11.Nxe4 Nxe4 12.Qxe4 e5 13.Bg5 Qf8 14.dxe5 Nxe5 15.Qc2 Nxf3+
16.Bxf3 Be6 17.Be3 Bc5 18.Bxc5 Qxc5 19.b3 Rad8 20.Rxd8 Rxd8 21.Rd1 Rd4 22.Rxd4 Qxd4
23.Qd1 Qxd1+ 24.Bxd1 Kf8 25.Kf1 Ke7 26.Ke1 Kd6 27.Kd2 a5 28.f4 Kc5  1/2-1/2

[Event "Bundesliga 9394"]
[Site "Germany"]
[Date "1994.??.??"]
[Round "?"]
[White "Jackelen, Thomas"]
[Black "Mueller, Mat"]
[Result "1/2-1/2"]
[WhiteElo "2425"]
[BlackElo "2350"]

1.Nf3 d5 2.c4 c6 3.e3 Nf6 4.Nc3 e6 5.d4 Nbd7 6.Bd3 dxc4 7.Bxc4 b5 8.Be2 b4
9.Na4 Bb7 10.O-O Be7 11.a3 bxa3 12.b3 O-O 13.Bxa3 Bxa3 14.Rxa3 Qe7 15.Qa1 c5
16.Nxc5 Nxc5 17.dxc5 Qxc5 18.Ra5 Qb6 19.Rb5 Qc7 20.Rc1 Qe7 21.Nd4 Rac8 22.Rd1 Bd5  1/2-1/2

[Event "BL2-N9394"]
[Site "Germany"]
[Date "1994.??.??"]
[Round "?"]
[White "Hegeler, Frank"]
[Black "Hargens, Thomas"]
[Result "1/2-1/2"]
[WhiteElo "2210"]
[BlackElo "2280"]

1.d4 d5 2.c4 e6 3.Nf3 Nf6 4.Nc3 c6 5.e3 Nbd7 6.Bd3 dxc4 7.Bxc4 b5 8.Bd3 Bb7
9.O-O a6 10.e4 Be7 11.e5 Ng8 12.Ne4 c5 13.Bg5 Bxe4 14.Bxe4 Ra7 15.Be3 Rc7
16.a4 b4 17.a5 cxd4 18.Bxd4 Nc5 19.Bxc5 Bxc5 20.Qe2 Qc8 21.Bd3 Rc6 22.Be4 Rc7
23.Bd3 Rc6 24.Ng5 Be7 25.Qe3 Nh6 26.Rac1 Bxg5 27.Qxg5 O-O 28.Qf4 Rxc1 29.Rxc1 Qd8  1/2-1/2

[Event "BL2-N9394"]
[Site "Germany"]
[Date "1994.??.??"]
[Round "?"]
[White "Stanke, Juergen"]
[Black "Borik, Otto"]
[Result "0-1"]
[WhiteElo "2300"]
[BlackElo "2415"]

1.c4 e6 2.Nc3 d5 3.d4 c6 4.e3 Nf6 5.Nf3 Nbd7 6.Qc2 Bd6 7.e4 dxe4 8.Nxe4 Nxe4
9.Qxe4 Bb4+ 10.Bd2 Bxd2+ 11.Nxd2 O-O 12.Be2 e5 13.dxe5 Re8 14.f4 f6 15.O-O-O fxe5
16.c5 Nf6 17.Bc4+ Kh8 18.Qc2 Qd4 19.fxe5 Qxe5 20.Bd3 Bg4 21.Rdf1 Rad8 22.h3 Be6
23.Rf3 Bd5 24.Rf2 Qg3 25.Nf3 Re3 26.Rd1 Rde8 27.Bf1 Be4 28.Qd2 Bg6 29.Re2 Rxe2
30.Bxe2 Ne4 31.Qe1 Qf4+ 32.Nd2 Ng3  0-1

[Event "BL2-O9394"]
[Site "Germany"]
[Date "1994.??.??"]
[Round "?"]
[White "Cordes, Hans Joerg"]
[Black "Komljenovic, Luka"]
[Result "1-0"]
[WhiteElo "2320"]
[BlackElo "2180"]

1.d4 d5 2.Nf3 Nf6 3.c4 c6 4.Nc3 e6 5.e3 Nbd7 6.Qc2 Bd6 7.b3 O-O 8.Bd3 e5
9.cxd5 cxd5 10.Nb5 Bb8 11.dxe5 Nxe5 12.Nxe5 Bxe5 13.Bb2 Bxb2 14.Qxb2 a6 15.Nd4 Qd6
16.O-O-O Bd7 17.h3 b5 18.Kb1 b4 19.g4 Qe7 20.Rc1 Ra7 21.Qc2 Rfa8 22.Qc5 Qe5
23.Qxb4 a5 24.Qb6 a4 25.b4 a3 26.Rc2 Ra4 27.b5 Rb4+ 28.Ka1 Ne4 29.f4 Qe8
30.Qb7 Be6 31.f5 Rb8 32.Qc6 Bd7 33.Qxd5 Nf6 34.Qd6 Rb2 35.Rxb2 axb2+ 36.Kxb2 Rd8
37.Qb6 Nd5 38.Qc5 Qxe3 39.Qxd5 Qxd3 40.Rc1 Qd2+ 41.Kb1 Bxf5+ 42.Qxf5 Qxd4
43.Qc5 Qd3+ 44.Kb2 h6 45.a4 Ra8 46.Qc4 Qd2+ 47.Rc2 Qe3 48.Qd5 Qa7 49.Rc4 Qf2+
50.Kb3 Qe3+ 51.Rc3 Qa7 52.Qc4 Qg1 53.Qd3 Qa7 54.Rc4 Qb6 55.Qd4 Qe6 56.Qe4  1-0

[Event "BL2-O9394"]
[Site "Germany"]
[Date "1994.??.??"]
[Round "?"]
[White "Zude, Erik"]
[Black "Komljenovic, Luka"]
[Result "1-0"]
[WhiteElo "2370"]
[BlackElo "2180"]

1.d4 d5 2.c4 c6 3.Nf3 Nf6 4.Nc3 e6 5.e3 Nbd7 6.Qc2 Bd6 7.Be2 O-O 8.O-O e5
9.h3 e4 10.Nd2 Re8 11.Qb3 Nf8 12.f3 exf3 13.Nxf3 Ng6 14.Bd2 a6 15.cxd5 cxd5
16.Ng5 Re7 17.Bd3 h6 18.Nxf7 Kxf7 19.Nxd5 Be6 20.Bxg6+ Kxg6 21.Qd3+ Kf7 22.Rxf6+ gxf6
23.Qh7+ Kf8 24.Qh8+ Kf7 25.Qh7+ Kf8 26.Qxh6+ Rg7 27.Nxf6 Bc4 28.Nh5 Qg5 29.Qxd6+ Qe7
30.Bb4 Qxd6 31.Bxd6+ Kg8 32.Nxg7 Kxg7 33.b3 Bd5 34.Rc1 Kf6 35.g4 Ke6 36.Bf4 Bc6
37.Rc5 Rh8 38.Kh2 Kf7 39.d5 Bd7 40.Rc7 Ke7 41.Rxb7  1-0

[Event "Verbandsliga N9495 Baden"]
[Site "Germany"]
[Date "1994.??.??"]
[Round "?"]
[White "Panzalovic, Srdjan"]
[Black "Grund, Holger"]
[Result "0-1"]
[WhiteElo "2405"]
[BlackElo "2345"]

1.c4 c6 2.d4 d5 3.Nf3 Nf6 4.Nc3 e6 5.e3 Nbd7 6.Qc2 Bd6 7.Be2 O-O 8.O-O dxc4
9.Bxc4 e5 10.h3 Qe7 11.a3 h6 12.Ba2 Re8 13.Nh4 Bb8 14.Nf5 Qf8 15.Bd2 Nb6
16.Rad1 e4 17.Ng3 Qd6 18.Rfe1 Nbd5 19.Rc1 Nxc3 20.Bxc3 Nd5 21.Nxe4 Qh2+ 22.Kf1 Bxh3
23.gxh3 Qxh3+ 24.Ke2 Qg4+ 25.f3 Qg2+ 26.Kd3 Qxf3 27.Bxd5 cxd5 28.Nc5 b6 29.Na6 Bg3
30.Re2 Bf2 31.Rce1 Bxe1 32.Rxe1 Re7 33.Qe2 Qf5+ 34.Kd2 Rae8 35.Qg2 h5 36.Nb4 Re4
37.Re2 h4 38.Nd3 h3 39.Qg3 Qg4 40.Qxg4 Rxg4 41.Ne1 Rg3 42.Nd3 Rg2 43.Nf2 h2
44.Nh1 Rxe2+ 45.Kxe2 Re6 46.Be1 Rc6 47.Kd2 g5 48.Bg3 a6 49.Kd1 f5 50.Kd2 Kf7
51.Be5 b5 52.b4 Rh6 53.Ke2 Rh3 54.Kf2 Ke6 55.Bg3 Rh8 56.Kf3 Rc8 57.Bxh2 Rc3
58.Nf2 Rxa3 59.Bc7 Rb3 60.Ba5 f4 61.Ng4 Kf5 62.Nh6+ Kf6 63.Ng4+ Kg6 64.Kf2 Kh5
65.Nf6+ Kh4 66.Nxd5 fxe3+ 67.Nxe3 g4 68.Ng2+ Kh3 69.Nf4+ Kh2 70.Ne2 Rf3+
71.Ke1 Rf7 72.Bb6 Rd7 73.Bc5 g3 74.Kd2 g2 75.Kd3 g1=Q 76.Nxg1 Kxg1 77.Ke4 Kf2
78.d5+ Ke2 79.Ke5 Kd3 80.Ke6 Rb7 81.d6 Kc4 82.d7 Rb8 83.Kd6 Rh8 84.Kc7 a5
85.bxa5 Kxc5 86.a6 Ra8 87.Kb7 Rd8 88.Kc7 Rxd7+ 89.Kxd7 Kb6  0-1

[Event "BL2-S9394"]
[Site "Germany"]
[Date "1994.??.??"]
[Round "?"]
[White "Klebel, Martin"]
[Black "Beikert, Guenther"]
[Result "0-1"]
[WhiteElo "2420"]
[BlackElo "2415"]

1.d4 d5 2.c4 c6 3.Nc3 Nf6 4.e3 e6 5.Nf3 Nbd7 6.Qc2 Bd6 7.b3 O-O 8.Be2 b6
9.O-O Bb7 10.Bb2 c5 11.cxd5 exd5 12.Rad1 Rc8 13.Qf5 Qe7 14.Nb5 Bb8 15.Ne5 g6
16.Qg5 h6 17.Qh4 Nxe5 18.Nxa7 Rcd8 19.dxe5 Bxe5 20.Rd2 Bxb2 21.Rxb2 Qe5 22.Rfb1 d4
23.exd4 Rxd4 24.Qg3 Qd5 25.Qf3 Qxf3 26.Bxf3 Bxf3 27.gxf3 Re8 28.b4 c4 29.Nb5 Rd3
30.Rc1 Re5 31.a4 Nd5 32.Nd6 c3 33.Rbb1 Nf4 34.Nc4 Ne2+ 35.Kf1 Nxc1 36.Nxe5 Rd1+
37.Kg2 c2 38.Rb2 Rd2  0-1

[Event "Bundesliga 9394"]
[Site "Germany"]
[Date "1994.??.??"]
[Round "?"]
[White "Stangl, Markus"]
[Black "Thesing, Matthias"]
[Result "0-1"]
[WhiteElo "2540"]
[BlackElo "2375"]

1.Nf3 d5 2.c4 c6 3.d4 Nf6 4.Nc3 e6 5.e3 Nbd7 6.Qc2 Be7 7.b3 O-O 8.Bd3 b6
9.g4 Nxg4 10.Bxh7+ Kh8 11.Rg1 f5 12.Bg6 Bh4 13.Nxh4 Qxh4 14.h3 Qxh3 15.Ba3 Rf6
16.Be8 Qh2 17.O-O-O Qxf2 18.Rh1+ Kg8 19.Rd2 Qxe3 20.Kb2 Rh6 21.Rxh6 Qxh6
22.cxd5 exd5 23.Re2 Nf8 24.Re7 Be6 25.Bxc6 Rc8 26.Nxd5 Kh8 27.Nc7 Ne3 28.Qe2 f4
29.Bb7 Rd8 30.Re8 Rxe8 31.Nxe8 Bg4 32.Qd2 f3 33.Ka1 Qh1+ 34.Bc1 Nf5 35.Qg5 Qg1
36.Kb1 Qxd4 37.Bb2 Qd3+ 38.Kc1 Qf1+ 39.Kc2 Qe2+ 40.Kc1 Qe1+ 41.Kc2 Ne3+ 42.Kd3 Bf5+
43.Be4 Qe2+ 44.Kc3 Nd1+ 45.Kb4 a5+ 46.Ka4 Bd7+  0-1

[Event "Oberliga Nord N9394"]
[Site "Germany"]
[Date "1994.??.??"]
[Round "?"]
[White "Lamprecht, Frank"]
[Black "Schurade, Matthias"]
[Result "0-1"]
[WhiteElo "2340"]
[BlackElo "2360"]

1.d4 d5 2.c4 c6 3.Nf3 Nf6 4.e3 e6 5.Nc3 Nbd7 6.Qc2 Bd6 7.Be2 O-O 8.O-O dxc4
9.Bxc4 b5 10.Bd3 a6 11.Ne4 Qc7 12.Nxf6+ Nxf6 13.e4 e5 14.dxe5 Bxe5 15.Bd2 Nd7
16.Rac1 c5 17.Nxe5 Nxe5 18.Be2 c4 19.b3 Be6 20.Bc3 Rac8 21.Qb2 f6 22.f4 Nd7
23.bxc4 bxc4 24.Kh1 Rfe8 25.Qa3 Bf7 26.Bg4 Be6 27.Bh5 Bf7 28.Bg4 Be6 29.Bh5 Bf7
30.Bxf7+ Kxf7 31.Qxa6 Rxe4 32.Rfe1 Rce8 33.Rxe4 Rxe4 34.Qb5 Nc5 35.f5 Qf4
36.Rd1 Qxf5 37.Bb4 Qg4 38.Rd8 Nd3 39.Qd7+ Qxd7 40.Rxd7+ Ke8  0-1

[Event "NRW-Liga II 9394"]
[Site "Germany"]
[Date "1994.??.??"]
[Round "?"]
[White "Beilfuss, Wilfried"]
[Black "Vetter, Herbert"]
[Result "1/2-1/2"]
[WhiteElo "2265"]
[BlackElo "2220"]

1.c4 Nf6 2.Nc3 c6 3.d4 d5 4.e3 e6 5.Nf3 Nbd7 6.Bd3 Bd6 7.O-O O-O 8.e4 dxe4
9.Nxe4 Nxe4 10.Bxe4 Nf6 11.Bg5 h6 12.Bxf6 Qxf6 13.c5 Bc7 14.Qe2 g6 15.Bc2 Rd8
16.Rfd1 b6 17.cxb6 Bxb6 18.Qc4 Bb7 19.Be4 Rac8 20.Rd2 Rd6 21.Rad1 Qf4 22.Qe2 Qf6
23.b4 Rcd8 24.Qc4 Qf4 25.Qe2 e5 26.dxe5 Rxd2 27.Rxd2 Rxd2 28.Nxd2 Ba6 29.g3 Qg5
30.Qxa6 Qxd2 31.Qf1 Qxa2 32.Bxc6 Qe6 33.Qc1 Qxe5 34.Qf4 Qxf4 35.gxf4 Bc7
36.f5 g5 37.h3 Kg7 38.Kg2 Kf6 39.Bd5  1/2-1/2

[Event "Oberliga Nord O9495"]
[Site "Germany"]
[Date "1994.??.??"]
[Round "?"]
[White "Federau, Juergen"]
[Black "Thinius, Marco"]
[Result "0-1"]
[WhiteElo "2305"]
[BlackElo "2290"]

1.d4 d5 2.c4 c6 3.Nf3 Nf6 4.Nc3 e6 5.e3 Nbd7 6.Qc2 Bd6 7.Be2 O-O 8.O-O e5
9.cxd5 cxd5 10.dxe5 Nxe5 11.Rd1 Nxf3+ 12.Bxf3 Qc7 13.g3 Be5 14.Qd3 Be6 15.Bd2 Qd7
16.Be1 Rfd8 17.Qe2 Qe7 18.Nb5 Ne4 19.Rac1 a6 20.Nd4 Bd7 21.Rc2 Rac8 22.Rdc1 Rxc2
23.Rxc2 Qf6 24.Qd1 h6 25.Bg2 g6 26.Ba5 Re8 27.f3 Nd6 28.Bc3 Nf5 29.Nxf5 Bxf5
30.Rc1 Bxc3 31.Rxc3 Qb6 32.Qd2 Rd8 33.Rb3 Qc7 34.Rc3 Qa5 35.a3 Qb6 36.Rc1 d4
37.e4 Be6 38.Bf1 Kg7 39.Bd3 Qb3 40.Qc2 Rc8  0-1

[Event "Landesliga N9495 Bayern"]
[Site "Germany"]
[Date "1994.??.??"]
[Round "1"]
[White "Sinkovics, Peter"]
[Black "Kreuzer, Martin"]
[Result "0-1"]
[WhiteElo "2410"]
[BlackElo "2285"]

1.d4 d5 2.c4 c6 3.Nf3 Nf6 4.Nc3 e6 5.e3 Nbd7 6.Bd3 dxc4 7.Bxc4 b5 8.Bd3 a6
9.O-O c5 10.a4 b4 11.Ne4 Bb7 12.Nxf6+ Nxf6 13.Bd2 cxd4 14.exd4 Be7 15.Rc1 O-O
16.Be3 a5 17.Ne5 Rc8 18.Rxc8 Qxc8 19.Qe2 Qa8 20.f3 Nd5 21.Rc1 Nxe3 22.Qxe3 Rc8
23.Bb5 Rxc1+ 24.Qxc1 Qd8 25.Qc4 Bd5 26.Qc2 Bd6 27.Bd3 g6 28.Qe2 Qb6 29.Qf2 Qc7
30.Qe3 f6 31.Ng4 Bf4 32.Qe2 Kg7 33.g3 Qc1+ 34.Kg2 Bd2 35.Kh3 Qe1 36.Qxe1 Bxe1
37.Kg2 Bd2 38.Kf2 Bb3 39.Ke2 Bc1 40.Bb5 Bxb2 41.Kd3 Bc1 42.f4 g5 43.fxg5 Bxg5
44.Nf2 f5 45.Ke2 Be7 46.Nd3 Bd6 47.Nb2 Kf6 48.Nc4 Bc7 49.Kd3 h5 50.Ke3 Bc2
51.Bc6 Kg5 52.Kf3 Bd1+ 53.Kf2 Bb3 54.Nd2 Bc2 55.Nf3+ Kf6 56.Ke3 b3 57.Kd2 Be4
58.Bxe4 fxe4 59.Nh4 Bb6 60.Kc3 Bxd4+ 61.Kxb3 Bg1 62.Kc4 Bxh2 63.Kd4 Bxg3  0-1

[Event "Landesliga S9495 Bayern"]
[Site "Germany"]
[Date "1994.??.??"]
[Round "1"]
[White "Riedel, Wolfgang"]
[Black "Mooser, Stefan"]
[Result "1/2-1/2"]
[WhiteElo "2310"]
[BlackElo "2225"]

1.d4 d5 2.c4 e6 3.Nc3 c6 4.e3 Nf6 5.Nf3 Nbd7 6.Qc2 Bd6 7.Bd2 O-O 8.O-O-O b5
9.cxd5 exd5 10.Bd3 Bb7 11.Kb1 Rc8 12.Bf5 g6 13.Bh3 Rc7 14.e4 Nxe4 15.Nxe4 dxe4
16.Ne5 Nb6 17.Ba5 Qe7 18.f4 exf3 19.Nxf3 Bc8 20.Rhe1 Qf6 21.Bxc8 Rcxc8 22.Ne5 Bxe5
23.dxe5 Qh4 24.g3 Qc4 25.Bxb6 Qxc2+ 26.Kxc2 axb6 27.Rd6 Rfd8 28.Red1 Re8
29.Re1 Re7 30.a3 Kf8 31.Re3 Ke8 32.g4 Re6 33.Rxe6+ fxe6 34.Rh3 Rc7 35.Kd3 Rd7+
36.Ke4 c5 37.Rb3 Rd4+ 38.Ke3 b4 39.axb4 Rxg4 40.bxc5 bxc5 41.Rb6 Kd7 42.Rd6+ Ke7
43.Rc6 Rh4 44.Rxc5 Rxh2 45.Rc7+ Kd8 46.Rg7 Rxb2 47.Rxh7 Rg2 48.Kf3 Rg5 49.Kf4 Rf5+
50.Ke4 Ke8 51.Ra7  1/2-1/2

[Event "Landesliga S9495 Bayern"]
[Site "Germany"]
[Date "1994.??.??"]
[Round "7"]
[White "Link, Ulrich"]
[Black "Glasel, Matthias"]
[Result "1/2-1/2"]
[WhiteElo "2225"]
[BlackElo "2055"]

1.Nf3 d5 2.d4 c6 3.c4 Nf6 4.e3 e6 5.Nc3 Nbd7 6.Qc2 Bd6 7.Bd2 O-O 8.O-O-O e5
9.cxd5 cxd5 10.Nb5 Bb8 11.dxe5 Nxe5 12.Bc3 Nc6 13.Bd3 Bg4 14.h3 Bxf3 15.gxf3 Be5
16.Bf5 g6 17.Bxe5 Nxe5 18.f4 Nc6 19.Rhg1 Qe7 20.h4 Nb4 21.Qc7 Qxc7+ 22.Nxc7 Rac8
23.Bxc8 Rxc8 24.Kb1 Rxc7 25.f5 Re7 26.fxg6 hxg6 27.Rg5 Ne4 28.Rg2 Re5 29.a3 Nc6
30.f3 Nf6 31.Rd3 Rh5 32.Rb3 b6 33.Rc3 Ne5 34.Rc7 a5 35.Rb7 Nc4 36.Rc2 Rxh4
37.e4 Ne5 38.Rxb6 Rf4 39.exd5 Rxf3 40.Ra6 Kg7 41.Rxa5 g5 42.d6 Nfd7 43.Rd5 g4
44.Re2 Kf6 45.Kc2 g3 46.Rd1 Nc4 47.Rd3 Rxd3 48.Kxd3 Nxd6 49.Ke3 Nf5+ 50.Kf4 Nc5
51.Rg2 Nd3+ 52.Ke4 Nf2+ 53.Kf4 Nd1 54.b4 Nde3 55.Rg1 Nc2 56.b5 Ncd4 57.Rb1 Nd6
58.b6 Ne6+ 59.Kxg3 Nc5  1/2-1/2

[Event "Landesliga S9495 Bayern"]
[Site "Germany"]
[Date "1994.??.??"]
[Round "8"]
[White "Link, Ulrich"]
[Black "Strangmueller, Andreas"]
[Result "1-0"]
[WhiteElo "2225"]
[BlackElo "1900"]

1.Nf3 d5 2.d4 Nf6 3.c4 c6 4.e3 e6 5.Nc3 Nbd7 6.Qc2 Bd6 7.Bd2 O-O 8.O-O-O Qe7
9.e4 dxe4 10.Nxe4 Nxe4 11.Qxe4 e5 12.Bg5 Qe6 13.dxe5 Bxe5 14.Bd3 g6 15.Rhe1 f6
16.Be3 Re8 17.Qh4 Qf7 18.c5 b5 19.cxb6 Nxb6 20.Nxe5 fxe5 21.b3 Be6 22.Bd2 Bd5
23.Qg3 Nd7 24.h4 Bxb3 25.axb3 Qxb3 26.Bc2 Qxg3 27.fxg3 Nc5 28.Be3 Ne6 29.Bb3  1-0

[Event "Goch op"]
[Site "Goch"]
[Date "1994.??.??"]
[Round "3"]
[White "Mueller, M."]
[Black "Eckert, Eberhard"]
[Result "1/2-1/2"]
[WhiteElo "2320"]
[BlackElo "2060"]

1.d4 d5 2.Nf3 Nf6 3.c4 c6 4.e3 e6 5.Nc3 Nbd7 6.Be2 Be7 7.O-O O-O 8.b3 Re8
9.Bb2 Nf8 10.Ne5 N6d7 11.f4 f5 12.Bd3 Nf6 13.Qe2 Bd7 14.h3 Ng6 15.g4 Ne4
16.Bxe4 dxe4 17.gxf5 Nxe5 18.fxe5 exf5 19.d5 Rf8 20.Rad1 Bc5 21.Kh2 Qh4 22.Rf4 Qh6
23.Rg1 Be8 24.Qf2 g5 25.Rxf5 Bg6 26.Rf6 Be7 27.Ne2 Bxf6 28.exf6 cxd5 29.Nd4 Rae8
30.Nf5 Qh5 31.Rg4 Bxf5 32.Qxf5 h6 33.Ba3 dxc4 34.Bxf8 Rxf8 35.bxc4 Qf7 36.Qxe4 Qxf6
37.h4 Rf7 38.c5 Re7 39.Qd5+ Kh8 40.hxg5 hxg5 41.Qd4 Re5 42.Kg3 Kh7 43.e4 Qe6
44.Kf3 Kg6 45.Qd6 Qxd6 46.cxd6 Kf6 47.Rg2 Ke6 48.Rd2 Kd7 49.a4 Re6 50.Rd5 g4+
51.Kf4 Rxd6 52.Rg5 Rd4 53.Rg7+ Ke6 54.a5 Ra4 55.Rxb7 Rxa5 56.Rg7 Ra1 57.Rg6+ Kf7
58.Rxg4 Kf6  1/2-1/2